000 00286nam a22001097a 4500
008 260417b |||||||| |||| 00| 0 eng d
100 _aSudheer Deshpande
_lKannada
245 _aSurya Namaskar
260 _aBangalore
_bswami vivekananda yoga prakashana
_c2019
300 _a34
942 _2ddc
999 _c1193
_d1193